| 000 | 00542nam a2200169 i 4500 | ||
|---|---|---|---|
| 001 | 34789 | ||
| 003 | ES-MaACL | ||
| 005 | 20230906155010.0 | ||
| 007 | t| | ||
| 008 | 030211s1939 fr ||||1| fre d | ||
| 100 | 1 |
_aBonnard, Roger. _930228 |
|
| 245 | 1 | 3 |
_aLe Droit et l'Etad dans la doctrine nationale-socialiste / _cRoger Bonnard. |
| 250 | _a12ème ed. revue et augmentée. | ||
| 260 |
_aParis : _bLibrairie Gènèrale de Droit et de Jurisprudence, _c1939 ( _fBière) |
||
| 300 |
_a304 p. ; _c22 cm. |
||
| 852 |
_aES-MaACL _jF-5275 _bR.26550 |
||
| 999 |
_c34789 _d34789 |
||